| 000 | 00486nam a2200205Ia 4500 | ||
|---|---|---|---|
| 008 | 170918s9999 xx 000 0 und d | ||
| 020 | _a9780439233842 | ||
| 050 | _bJ735 2001 | ||
| 100 | _aJohnston, Tony | ||
| 245 | _aAny small goodness : | ||
| 245 | _ba novel of the barrio / | ||
| 245 | _cby Tony Johnston. | ||
| 260 | _aNew York : | ||
| 260 | _bScholastic, | ||
| 260 | _c2001 | ||
| 300 | _a128 pages : | ||
| 300 | _billustrations ; | ||
| 300 | _c19cm. | ||
| 500 | _a600 | ||
| 999 |
_c343260 _d343260 |
||